000 00251nam a2200109Ia 4500
008 200302s9999 xx 000 0 und d
100 _aJohn Brookes
245 _aThe Garden Book
260 _bCrown Trade paperbacks
260 _c1984
300 _a287 P.,
999 _c2390
_d2390